000 00685nam a2200265Ia 4500
005 20260121170451.0
008 008 260114s9999 xx 000 0 eng d
020 _a9783319772318
037 _aEBOOK
040 _aCRL
040 _beng
040 _cCRL
041 _2eng
041 _aeng
084 _qCRL
100 _aJ. Martín Ramírez, Gracia Abad-Quintanal
_91064241
245 0 _aCross-Cultural Dialogue as a Conflict Management Strategy
260 _bSpringer
260 _bSpringer
260 _c2018
856 _uhttps://link.springer.com/openurl?genre=book&isbn=978-3-319-77231-8
942 _cEBOOK
999 _c1629970
_d1629970